[Event "POR-chT 1st League 2017"]
[Site "Leiria"]
[Date "2017.07.19"]
[Round "3"]
[White "Lombaers, Peter"]
[Black "Diogo, Vasco"]
[Result "1-0"]
[WhiteElo "2327"]
[BlackElo "2213"]
[Annotator "TA"]
[PlyCount "81"]
[EventDate "2017.??.??"]
[EventType "team-tourn"]
[EventCountry "POR"]
[SourceTitle "playchess.com"]
[Source "ChessBase"]
[SourceQuality "1"]

{[%evp 12,81,14,8,55,47,49,59,49,37,42,43,53,53,55,58,92,92,115,120,118,129,120,122,139,114,178,175,193,190,213,210,192,155,153,137,138,138,287,289,388,369,726,710,795,781,899,941,884,604,852,835,772,758,758,742,1179,495,427,0,1114,658,658,658,643,645,583,364,29975,29975,29986,29987]} 1. d4 d5 2. Bf4 Nf6 3. e3 c6 4. c4 e6 5. Nc3 Bd6 6. Bg3 {D35: Queen's Gambit Declined: Exchange Variation} (6. Bxd6 Qxd6 7. Nf3 O-O 8. Qc2 Nbd7 9. Rd1 b6 10. Be2 Bb7 11. O-O Qe7 12. e4 dxe4 13. Nxe4 c5 14. Nc3 cxd4 15. Nxd4 {1-0 (46) Kramnik,V (2777)-Dubov,D (2661) Berlin 2015}) 6... O-O 7. Nf3 {[%cal Bg1f3,Bf3d2,Bd2c4,Bc4e5][%mdl 32] LiveBook: 6 Games} Ne4 8. Nxe4 {White is slightly better.} dxe4 9. Nd2 f5 10. c5 Bxg3 $146 ({Predecessor:} 10... Bc7 11. Nc4 Nd7 12. Be2 Nf6 13. Rc1 g5 {1-0 (37) Loeffler,S (2378)-Sharashenidze,A (2343) Austria 2017}) 11. hxg3 Nd7 {[%cal Bb8d7,Bd7f6,Bf6d5][%mdl 32]} 12. b4 Nf6 13. Nc4 b5 14. Ne5 {Hoping for a4.} Bd7 15. a4 {aiming for axb5.} a6 16. Be2 Be8 17. Qd2 Nd5 18. Bd1 Qb8 (18... Rc8 $16 19. Bb3 Rc7 20. axb5 axb5) 19. O-O $18 Rf6 20. Bb3 Qd8 21. axb5 axb5 22. Bxd5 exd5 23. Rxa8 Qxa8 24. Qb2 g5 (24... Re6 $16 {is a better defense.} 25. Ra1 Qd8) 25. Ra1 Qd8 26. Ra7 Rf8 $2 (26... f4 27. gxf4 gxf4) 27. Qa2 Qf6 28. Qa5 f4 29. Qc7 {[%csl Ga7][%cal Rc7h7] [#]} Qh6 30. Qd6 Rf6 31. Qe7 {Ng4 would kill now.} Re6 32. Qc7 fxe3 33. fxe3 Kf8 34. Nd7+ (34. Ra8 $142 {[%csl Ge5][%cal Rc7f7]} Qg7 35. Qc8) 34... Kg8 35. Ne5 $40 {[%mdl 128] White mounts an attack.} (35. g4 $142) 35... Kf8 $1 36. Ng4 Qg6 37. Qd8 h5 38. Ne5 Qh6 39. Nf7 Qf6 $2 {[#]} (39... Qg7 $18 40. Rc7 Qxf7) 40. Nxg5 Re7 41. Nh7+ {Precision: White = 84%, Black = 33%.} 1-0

[Event "POR-chT 1st League 2017"]
[Site "Leiria"]
[Date "2017.07.19"]
[Round "3"]
[White "Barrero Garcia, Carlos"]
[Black "Suarez Garcia, Carlos"]
[Result "0-1"]
[WhiteElo "2309"]
[BlackElo "2455"]
[Annotator "TA"]
[PlyCount "96"]
[EventDate "2017.??.??"]
[EventType "team-tourn"]
[EventCountry "POR"]
[SourceTitle "playchess.com"]
[Source "ChessBase"]
[SourceQuality "1"]

{[%evp 16,96,-18,-20,-19,-23,-24,-27,-17,-39,-35,-34,-22,-31,-26,-31,-10,-8,-9,-28,0,0,0,0,0,0,0,0,0,-61,-46,-41,14,4,133,70,108,52,101,65,77,6,29,6,13,0,0,0,0,0,0,0,0,-33,-19,-31,-31,-34,-46,-42,-23,-70,7,-600,-590,-685,-605,-1058,-928,-1084,-1073,-977,-929,-1243,-1226,-3135,-3104,-2693,-2679,-29987,-29988,-29988,-29989]} 1. e4 c5 2. Nf3 e6 3. d3 Nc6 4. g3 d5 5. Nbd2 Bd6 6. Bg2 Nge7 7. O-O O-O 8. Nh4 Bc7 9. f4 Rb8 {A08: King's Indian Attack} (9... f6 10. c3 Rb8 11. Qh5 b5 12. a3 Bd7 13. Qe2 b4 14. axb4 cxb4 15. d4 bxc3 16. bxc3 dxe4 17. Nxe4 Nxd4 18. cxd4 {1-0 (32) Sevian,S (2556)-Popilski,G (2529) Las Vegas 2015}) 10. Ndf3 $146 ({Predecessor:} 10. e5 b5 11. c3 Ng6 12. Nxg6 fxg6 13. Nf3 b4 14. c4 Ne7 15. Be3 Bb6 16. Qe2 {½-½ (26) Vujosevic,V (2375)-Stankovic,B (2300) Becici 1993}) 10... b5 11. Be3 Bb6 {Black has an edge.} 12. Kh1 c4 13. Bxb6 Qxb6 14. e5 cxd3 15. cxd3 Nd4 16. Nxd4 Qxd4 17. Qd2 Bd7 18. Nf3 Qb6 19. d4 b4 20. Rfc1 Rfc8 21. Rxc8+ Rxc8 22. a3 ({White should try} 22. Kg1 $11) 22... a5 23. axb4 axb4 (23... a4 $1 $15) 24. Bf1 $11 g6 {[#]} (24... h6 $11 {remains equal.}) 25. g4 (25. f5 $1 $16 {[%cal Rf5f6][%mdl 512] Black must now prevent f6.} gxf5 (25... exf5 26. Qh6) 26. Qh6) 25... Kg7 26. Bd3 (26. h4 $1 $16) 26... b3 27. Ra3 h6 28. Qd1 ({Better is} 28. h4 $16) 28... Rb8 29. Kg2 Nc6 {[%cal Be7c6,Bc6a5,Ba5c4][%mdl 32]} 30. Bb1 Na5 31. Qe2 Nc4 32. Ra1 Qc6 {next ...Ra8 is good for Black.} 33. Bd3 Ra8 $36 {[%mdl 2048] Black is more active.} 34. Rb1 Ra2 35. Kg3 Qa4 36. f5 exf5 37. gxf5 gxf5 38. Bxc4 dxc4 {[#]} ({Black should play} 38... Qxc4 $15 39. Qxc4 dxc4) 39. Kh4 $2 {[%mdl 8192]} (39. e6 $1 $11 {[%mdl 512]} Bxe6 40. Qe5+ Kg8 41. d5 Bxd5 42. Qxd5) 39... Qa8 $19 40. Rg1+ {[#]} Kh7 $1 41. Nd2 Be6 42. Qe3 Rxb2 43. Kh5 Qf8 44. Nf3 f6 45. Qf4 Qf7+ 46. Kh4 Re2 47. Nd2 fxe5 48. dxe5 c3 {Precision: White = 39%, Black = 64%.} 0-1

[Event "POR-chT 1st League 2017"]
[Site "Leiria"]
[Date "2017.07.18"]
[Round "3"]
[White "Santos, Antonio P"]
[Black "Polaczek, Richard"]
[Result "0-1"]
[WhiteElo "2237"]
[BlackElo "2406"]
[Annotator "TA"]
[PlyCount "86"]
[EventDate "2017.??.??"]
[EventType "team-tourn"]
[EventCountry "POR"]
[SourceTitle "playchess.com"]
[Source "ChessBase"]
[SourceQuality "1"]

{[%evp 11,86,10,19,0,20,13,14,20,25,23,21,21,20,31,22,14,16,-21,-18,-48,-49,-37,-42,-62,-38,-58,-44,-706,-699,-578,-526,-461,-445,-813,-798,-702,-357,-668,-491,-486,-472,-441,-456,-447,-463,-582,-598,-775,-768,-732,-719,-722,-606,-594,-591,-580,-570,-793,-487,-474,-447,-456,-421,-679,-679,-1041,-647,-1004,-707,-689,-712,-703,-654,-691,-692,-856,-845]} 1. d4 Nf6 2. c4 e6 3. Nf3 Bb4+ 4. Bd2 a5 5. Nc3 d5 6. e3 {E11: Bogo-Indian} b6 {LiveBook: 10 Games} 7. Ne5 $146 ({Predecessor:} 7. cxd5 exd5 8. a3 Be7 9. Qa4+ Bd7 10. Qc2 O-O 11. Ne5 Be8 12. Bd3 c5 13. O-O Nc6 14. Nxc6 Bxc6 {0-1 (33) Eljanov,P (2753)-Bacrot,E (2686) Ashdod 2015}) 7... Bb7 8. cxd5 {The position is equal.} exd5 9. Bb5+ c6 {White must now prevent ...Bxc3.} 10. Bd3 O-O 11. O-O Ba6 12. Bxa6 Rxa6 13. Qc2 Re8 {[%cal Bf8e8,Be8e6,Be6h6][%mdl 32]} 14. a4 Ra7 15. Nf3 Bd6 16. Na2 Ne4 17. Be1 Re6 18. b4 Rh6 {Strongly threatening ...Bxh2+!} 19. bxa5 $2 {[%mdl 8192] [#]} (19. Ne5 $15) 19... Bxh2+ $1 $19 {[%mdl 512]} 20. Kh1 {Now axb6 and White clings on.} (20. Nxh2 Qh4) 20... Bd6+ 21. Kg1 {and the idea axb6 leaves White hopeful.} bxa5 22. Nc3 {[#]} (22. Rb1 $142) 22... Bh2+ $1 {[%mdl 512]} 23. Kh1 (23. Nxh2 Qh4) 23... f5 24. Rb1 $2 (24. g3 Bxg3+ 25. Kg2) 24... Na6 {Black is clearly winning.} 25. g3 Bxg3+ 26. Kg2 Bd6 27. Rh1 Nb4 28. Qe2 Qe8 {( -> ...Qg6+)} 29. Rxh6 gxh6 30. Kf1 Rg7 31. Ne5 Bxe5 32. Nxe4 fxe4 33. dxe5 Qg6 {[%csl Gg7][%cal Rg6g2]} 34. Qb2 Qg2+ 35. Ke2 Qf3+ 36. Kd2 Rg2 37. Kc3 (37. e6 $142) 37... Qf7 38. Kb3 Nd3 39. Qc2 Nxe1 40. Rxe1 Qxf2 41. Qxf2 Rxf2 42. Rc1 Re2 43. Kc3 c5 {Precision: White = 32%, Black = 78%.} 0-1

[Event "POR-chT 1st League 2017"]
[Site "Leiria"]
[Date "2017.07.18"]
[Round "3"]
[White "Reis, Luis Sousa"]
[Black "Ftacnik, Lubomir"]
[Result "0-1"]
[WhiteElo "2182"]
[BlackElo "2551"]
[Annotator "TA"]
[PlyCount "34"]
[EventDate "2017.??.??"]
[EventType "team-tourn"]
[EventCountry "POR"]
[SourceTitle "playchess.com"]
[Source "ChessBase"]
[SourceQuality "1"]

{[%evp 21,34,-68,-30,-75,-64,-84,-102,-81,0,0,0,-379,-383,-369,-353]} 1. e4 c5 2. Nf3 d6 3. d4 cxd4 4. Nxd4 Nf6 5. Nc3 a6 6. Bg5 Nbd7 7. f4 Qb6 8. Qd2 Qxb2 9. Rb1 Qa3 10. Be2 e6 11. O-O Be7 12. Kh1 {B97: Sicilian Najdorf: Poisoned Pawn} Qa5 (12... h6 $5 {[%cal Rh6g5]} 13. Bh4 O-O $11) (12... O-O 13. Qe1 Qc5 14. Rd1 Re8 15. Qg3 Bf8 16. Bxf6 Nxf6 17. e5 dxe5 18. fxe5 Nd7 19. Bh5 g6 {1-0 (29) Ginsburg,G (2506)-Henrichs,T (2491) Germany 2007}) 13. Bd3 h6 14. Bh4 {[#]} Nxe4 $1 {[%mdl 512]} 15. Bxe4 $11 {aiming for Bxe7.} (15. Nxe4 Qxd2) 15... Bxh4 16. Nxe6 $146 {[%mdl 8192]} (16. Bxb7 $11 {and White has nothing to worry.} Bxb7 17. Rxb7) ({Predecessor:} 16. Bxb7 Bxb7 17. Rxb7 Rc8 18. Nxe6 fxe6 19. Qxd6 Nc5 {½-½ (32) Hoffmann,H (2320)-Feige,M (2266) Leutersdorf 2001}) 16... fxe6 $19 17. Bg6+ Kd8 0-1

[Event "POR-chT 1st League 2017"]
[Site "Leiria"]
[Date "2017.07.18"]
[Round "3"]
[White "Pinheiro, Albano"]
[Black "Ulyanovskyy, Viktor"]
[Result "1/2-1/2"]
[WhiteElo "2071"]
[BlackElo "2219"]
[Annotator "TA"]
[PlyCount "55"]
[EventDate "2017.??.??"]
[EventType "team-tourn"]
[EventCountry "POR"]
[SourceTitle "playchess.com"]
[Source "ChessBase"]
[SourceQuality "1"]

{[%evp 13,55,24,21,13,11,0,0,0,0,0,0,0,0,-34,-20,-20,-20,-20,-8,-10,0,0,0,-7,-6,-10,-10,-9,0,-5,0,0,0,0,0,0,0,-22,0,0,0,0,8,8]} 1. e4 c6 2. d4 d5 3. Nc3 g6 4. Nf3 Bg7 5. Be2 Bg4 6. exd5 cxd5 7. O-O {B15: Caro-Kann: 3 Nc3: 3...g6 and 3...dxe4 4 Nxe4 Nf6 5 Nxf6+ exf6} Nc6 {LiveBook: 3 Games} 8. Bf4 (8. Be3 Nh6 9. h3 Bxf3 10. Bxf3 e6 11. Bxh6 {½-½ (11) Zelcic,R (2496)-Palac,M (2601) Zadar 2016}) 8... Nf6 9. Ne5 (9. h3 $5 {[%cal Rh3g4]} Bxf3 10. Bxf3 $11) 9... Bxe2 10. Nxe2 O-O 11. c3 Nh5 12. Nxc6 $146 ({Predecessor:} 12. Nd3 Nxf4 13. Nexf4 e6 14. Re1 Qd6 15. g3 Rfe8 16. Qf3 {0-1 (46) Antoshin,V (2305)-Kuzmin,A (2365) Moscow 1984}) 12... bxc6 13. h3 Nxf4 14. Nxf4 {The position is equal.} e5 15. dxe5 Bxe5 16. Nd3 Bc7 17. Re1 Qd6 {Threatens to win with ...Qh2+.} 18. Ne5 Rab8 {Threatening ...Rfe8.} 19. Qd2 Rfe8 20. Nf3 Re4 21. g3 Bb6 {[#] ( -> ...Qxg3+)} (21... Qf6 $5 {[%cal Rf6f3]} 22. Kg2 Rbe8 $11) 22. Kg2 Rbe8 23. Rxe4 Rxe4 24. Re1 {Strongly threatening Rxe4.} Qe7 25. Rxe4 Qxe4 26. Qe1 f5 27. Qxe4 dxe4 28. Ne5 {Precision: White = 43%, Black = 68%.} 1/2-1/2

[Event "POR-chT 1st League 2017"]
[Site "Leiria"]
[Date "2017.07.19"]
[Round "3"]
[White "Cavaleiro, Daniel Felipe Costa"]
[Black "Silva, Fernando"]
[Result "0-1"]
[WhiteElo "2006"]
[BlackElo "2249"]
[Annotator "TA"]
[PlyCount "96"]
[EventDate "2017.??.??"]
[EventType "team-tourn"]
[EventCountry "POR"]
[SourceTitle "playchess.com"]
[Source "ChessBase"]
[SourceQuality "1"]

{[%evp 19,96,-2,1,-51,-58,-58,-64,-77,-60,-78,-86,-77,-69,-106,-108,-98,-93,-101,-95,-142,-72,-116,-64,-99,0,-117,-101,-103,-101,-98,-79,-78,-88,-102,-61,-47,-52,-52,0,-64,-67,-108,-112,-100,-30,-51,-12,-22,27,0,0,0,0,2,5,0,0,0,0,0,0,0,0,0,0,-2,0,0,0,0,0,0,35,-64,-66,-65,-87,-1248,-1227]} 1. d4 Nf6 2. c4 c5 3. d5 g6 4. Nc3 Bg7 5. e4 d6 6. Be2 O-O 7. Nf3 e6 8. O-O Re8 9. Nd2 Na6 10. Rb1 Nc7 {LiveBook: 15 Games. E91: King's Indian: Classical: 6 Be2, unusual replies including 6...c5 and 6...Bg4} 11. Bf3 $146 (11. a4 $11) ({Predecessor:} 11. Re1 Bd7 12. b4 cxb4 13. Rxb4 b6 14. Rb3 Na6 15. Ba3 Nc5 16. Bxc5 bxc5 17. dxe6 Bxe6 18. Bf3 {1-0 (48) Browne,W (2535)-Dzindzichashvili,R (2540) Los Angeles 1989}) 11... exd5 $15 12. cxd5 b5 {[%cal Bb7b5,Bb5b4][%mdl 32] Black is slightly better.} 13. Re1 b4 14. Ne2 Ba6 15. Qc2 Nd7 {[%cal Bf6d7,Bd7e5,Be5f3][%mdl 32]} 16. Nc4 {[#]} Bxc4 $1 17. Qxc4 Ne5 18. Qc2 Qd7 19. Bd2 Qb5 (19... Nb5 $142 20. Bf4 Nxf3+ 21. gxf3 Rf8) 20. Nf4 Qc4 ({Better is} 20... Nxf3+ $17 21. gxf3 Qd7) 21. Qa4 Qb5 22. Qc2 $1 Nxf3+ 23. gxf3 a5 24. Ng2 Qd7 25. a4 f5 26. b3 Bd4 27. Be3 Bc3 28. Bd2 $1 Bd4 29. Be3 $1 Be5 30. Bf4 Bxf4 31. Nxf4 {[#]} fxe4 (31... Re7 $1 $17) 32. fxe4 $11 Qg4+ (32... Rf8 $5 {[%cal Rf8f4]} 33. Ng2 Rf3 $15) 33. Ng2 Re5 34. f4 Rh5 35. Re3 {Black must now prevent Rg3.} Rh3 36. Rbe1 Re8 $132 {[%mdl 2048] Black is fighting back} 37. Rxh3 Qxh3 38. Re3 Qd7 39. Qc4 Qf7 40. Rg3 Kg7 41. h4 Qf6 42. Rd3 Qa1+ 43. Kh2 Qf1 {[#]} 44. e5 $1 {[%mdl 512]} dxe5 45. fxe5 {Hoping for d6.} Rxe5 {Strongly threatening ...Nxd5!} 46. d6 (46. Qf4 $14 Qxf4+ 47. Nxf4) 46... Ne6 $1 $15 {...Re2 is the strong threat.} 47. d7 $1 {[%cal Rd7d8]} Nd8 $1 48. Qc2 $2 {[%mdl 8192]} (48. Qf4 $17 Qxf4+ 49. Nxf4) 48... Re2 {Precision: White = 47%, Black = 69%.} 0-1

[Event "POR-chT 1st League 2017"]
[Site "Leiria"]
[Date "2017.07.18"]
[Round "3"]
[White "Tubio Agrasar, Pablo"]
[Black "Padeiro, Jose"]
[Result "1/2-1/2"]
[WhiteElo "1988"]
[BlackElo "2276"]
[Annotator "TA"]
[PlyCount "80"]
[EventDate "2017.??.??"]
[EventType "team-tourn"]
[EventCountry "POR"]
[SourceTitle "playchess.com"]
[Source "ChessBase"]
[SourceQuality "1"]

{[%evp 9,80,23,34,31,29,24,28,24,21,22,30,37,27,42,37,0,2,-47,-31,-33,-27,-18,-5,-35,-25,-58,7,-58,-50,-41,-45,-44,-47,-60,-27,-33,-25,-51,-28,-49,20,0,0,-49,-57,-77,-39,-45,-45,-46,-37,-91,-6,-10,0,-31,-27,-34,0,0,22,-15,-11,-15,-17,-15,217,38,70,81,75,65,70]} 1. e4 c6 2. Nc3 d5 3. Nf3 Nf6 4. e5 Ne4 5. Ne2 Qb6 {[%csl Ge4][%cal Rb6f2]} 6. d4 {B11: Caro-Kann: Two Knights Variation} e6 7. Nfg1 (7. Ng3 c5 8. Bd3 Nc6 9. Nxe4 dxe4 10. Bxe4 cxd4 11. O-O Bd7 12. a3 h6 13. Re1 {1-0 (71) Short,N (2675)-Caruana,F (2827) Caleta 2017}) 7... f6 8. f3 $1 {[%cal Rf3e4] White has an edge.} Ng5 9. exf6 gxf6 10. f4 Nf7 11. Nf3 c5 12. c3 (12. f5 $5) 12... Nc6 13. Qb3 $146 (13. f5 $5 {[%cal Re2f4]}) ({Predecessor:} 13. f5) 13... Bd7 14. Be3 c4 15. Qxb6 axb6 16. g3 b5 17. Bg2 b4 (17... Nd6 $15) 18. O-O ({Better is} 18. f5 $1 $11) 18... bxc3 19. Nxc3 Nd6 20. Nh4 {Black must now prevent f5!} f5 21. Nf3 b5 (21... Nb4 $5 {[%cal Rb4c2]} 22. Rac1 Ke7 $15) 22. a3 Be7 23. Ne5 Nxe5 24. fxe5 Nc8 (24... Ne4 $15) 25. Na2 Na7 26. Bd2 Nc6 27. Bc3 O-O 28. Bf3 Ra7 29. Rab1 Be8 30. Nb4 ({White should play} 30. Rbd1 $15) 30... Na5 (30... Nxb4 $1 $17 31. axb4 Bf7) 31. Rbe1 $11 Bg6 32. Bd1 h5 33. h4 f4 34. Kh2 {[%cal Bg1h2,Bh2h3,Bh3g3][%mdl 32]} Kh7 35. Kh3 fxg3 36. Rxf8 Bxf8 37. Rf1 Bf5+ $2 {[#]} (37... Bxb4 $11 {and Black stays safe.} 38. axb4 Nc6) 38. Kxg3 $2 (38. Rxf5 $1 $18 {[%mdl 512]} exf5 39. Nxd5) 38... Rg7+ 39. Kh2 {Nxd5! is the strong threat.} Bxb4 40. axb4 Nc6 {Precision: White = 45%, Black = 54%.} 1/2-1/2

[Event "POR-chT 1st League 2017"]
[Site "Leiria"]
[Date "2017.07.19"]
[Round "4"]
[White "Fier, Alexandr"]
[Black "Medarde Santiago, Luis Marcos"]
[Result "1-0"]
[WhiteElo "2589"]
[BlackElo "2354"]
[Annotator "TA"]
[PlyCount "123"]
[EventDate "2017.??.??"]
[EventType "team-tourn"]
[EventCountry "POR"]
[SourceTitle "playchess.com"]
[Source "ChessBase"]
[SourceQuality "1"]

{[%evp 29,123,18,49,-30,-25,-25,-25,-25,-25,-25,-25,-25,-25,-29,-38,-25,-14,-13,-11,-11,-11,-24,11,0,0,0,0,0,0,0,0,0,0,0,0,0,0,0,450,433,412,376,581,581,577,568,542,545,541,538,515,506,2052,2014,1806,1875,1773,1748,1530,1516,1365,1139,1345,1293,5808,4774,6014,768,5708,5466,2645,2389,12831,6809,12841,12842,12842,12841,12841,12842,12843,12843,12845,12845,12845,12846,12846,12847,12847,12847,12847,12847,12849,12847,12849,12847]} 1. e4 c5 2. Nf3 g6 3. d4 cxd4 4. Nxd4 Nc6 5. Nc3 Bg7 6. Be3 Nf6 7. Bc4 O-O 8. Bb3 d6 9. f3 Bd7 10. Qd2 Nxd4 11. Bxd4 b5 12. a4 b4 {B77: Sicilian Dragon: Yugoslav Attack, 9 Bc4 sidelines} (12... bxa4 13. Nxa4 Bc6 14. Nc3 a5 15. O-O Qb8 16. Nd5 {½-½ (16) Jakovenko,D (2703)-Gelfand,B (2728) Geneve 2017}) 13. Nd5 Nxd5 14. Bxg7 Kxg7 15. exd5 Qb6 {LiveBook: 14 Games} 16. Rd1 (16. h4 $14) 16... Rac8 17. Qd4+ Qxd4 18. Rxd4 a5 19. Kd2 Rc5 20. Re1 Re8 $146 21. Rde4 Kf8 22. g4 f5 23. Rd4 Kf7 24. g5 {[#]} h6 $1 {[%mdl 512]} 25. f4 (25. gxh6 Rh8) 25... h5 26. Rd3 Bc8 27. c3 bxc3+ 28. Rxc3 Rxc3 29. bxc3 $11 {[%mdl 4096] Endgame KRB-KRB} Ba6 30. c4 Rb8 31. Kc3 Bc8 32. c5 Rb4 33. Bc4 dxc5 $2 {[%mdl 8192]} (33... Rxa4 $11 34. Kb3 (34. c6 Ra3+ 35. Kd4 Rf3 $11) 34... Rb4+ 35. Kc3 dxc5 36. d6+ e6) 34. d6+ $1 $18 e6 {[#]} 35. Re5 $1 Rxa4 (35... Ke8 $142 36. Rxc5 Kd8 37. Rxa5 Rb6) 36. Rxc5 {White is clearly winning.} Bd7 37. Kd4 Ra1 38. Rc7 Rd1+ 39. Kc5 Ke8 40. Ra7 a4 (40... Ra1 $142 41. h4 Rc1) 41. Ra8+ Kf7 {[#]} 42. Rd8 $1 Be8 {[#]} 43. Bxe6+ $1 {[%mdl 512]} Kxe6 44. Rxe8+ {KR-KR} Kd7 45. Re7+ Kd8 46. Ra7 h4 47. Rxa4 Rd2 48. Ra8+ Kd7 49. Ra7+ Ke8 50. Re7+ Kd8 51. Rg7 Rxh2 52. Rxg6 h3 53. Rg8+ Kd7 54. Rg7+ Ke8 55. Rh7 Rh1 56. d7+ Kd8 57. Kd6 {[%cal Rh7h8]} Rd1+ 58. Ke6 h2 59. Rh8+ Kc7 60. Rxh2 Re1+ 61. Kf7 Kd8 62. g6 {Precision: White = 87%, Black = 57%.} 1-0

[Event "POR-chT 1st League 2017"]
[Site "Leiria"]
[Date "2017.07.19"]
[Round "4"]
[White "Ftacnik, Lubomir"]
[Black "Santos, Antonio P"]
[Result "1-0"]
[WhiteElo "2551"]
[BlackElo "2237"]
[Annotator "TA"]
[PlyCount "69"]
[EventDate "2017.??.??"]
[EventType "team-tourn"]
[EventCountry "POR"]
[SourceTitle "playchess.com"]
[Source "ChessBase"]
[SourceQuality "1"]

1. Nf3 {Program Activation Required} d5 2. d4 Nf6 3. c4 c6 4. e3 e6 5. Nc3 Nbd7 6. Qc2 Bd6 7. Bd3 O-O 8. O-O Qe7 9. c5 Bc7 {D46: Semi-Slav: 5 e3 Nbd7 6 Bd3, Black avoids the Meran} 10. e4 e5 (10... dxe4 11. Nxe4 h6 12. Re1 Nd5 13. a3 Re8 14. b4 a5 15. b5 cxb5 16. Bxb5 Rd8 17. Rb1 N7f6 18. Ng3 Bf4 19. Ne5 Bxc1 20. Qxc1 {½-½ (37) Nikolov,M (2563)-Stupak,K (2542) Rochefort 2017}) 11. exd5 cxd5 12. Re1 e4 $146 ({NOTEXT:} 12... Re8 13. Bg5 Qe6 14. dxe5 Nxe5 15. Nxe5 Bxe5 16. Bxf6 Qxf6 17. Nxd5 {1-0 (27) Sakalauskas,V (2403)-Bugalski,M (2267) Wysowa 2007}) 13. Nxd5 Nxd5 14. Bxe4 N7f6 15. Bxd5 Qxe1+ 16. Nxe1 Nxd5 17. Bd2 Bd7 18. Nf3 h6 19. Re1 Bc6 20. Qb3 Rad8 21. Ne5 Bxe5 22. dxe5 Rfe8 23. h4 Re6 24. h5 Ne7 25. Ba5 Rd5 26. Bc7 Nf5 27. Qh3 Nd4 28. Bd6 Nc2 29. Rc1 Nd4 30. Kh2 Ne2 31. Rc4 Rd2 32. Qh4 Rxb2 33. Rg4 Rxa2 34. Qd8+ Re8 35. Qf6 1-0

[Event "POR-chT 1st League 2017"]
[Site "Leiria"]
[Date "2017.07.19"]
[Round "4"]
[White "Sprenger, Jan Michael"]
[Black "Larino Nieto, David"]
[Result "1/2-1/2"]
[WhiteElo "2514"]
[BlackElo "2495"]
[Annotator "TA"]
[PlyCount "133"]
[EventDate "2017.??.??"]
[EventType "team-tourn"]
[EventCountry "POR"]
[SourceTitle "playchess.com"]
[Source "ChessBase"]
[SourceQuality "1"]

1. e4 {Program Activation Required} g6 2. d4 Bg7 3. Nf3 c6 4. Nc3 d5 5. Bd3 dxe4 6. Nxe4 Nf6 {B12: Caro-Kann: Advance Variation} 7. Nxf6+ exf6 8. O-O O-O 9. Re1 (9. h3 a5 10. Bf4 Na6 11. c3 Be6 12. Re1 b5 13. a4 b4 14. c4 Qd7 15. Qc2 Rfd8 16. Rad1 b3 17. Qxb3 {1-0 (38) Sjugirov,S (2654)-Matnadze,A (2413) Minsk 2017}) 9... Na6 $146 ({NOTEXT:} 9... Be6 10. c4 Na6 11. h3 Qd6 12. Be3 Rad8 13. Qd2 Qb4 14. Rad1 Qxd2 15. Bxd2 {1-0 (37) Gonschior,M (2048)-Ryseck,W (1967) GER email 2013}) 10. c3 Nc7 11. Bf4 Nd5 12. Bg3 Bg4 13. h3 Bh5 14. c4 Nb4 15. Be2 Re8 16. Qd2 c5 17. d5 Bf8 18. a3 Na6 19. Nh2 Bxe2 20. Rxe2 Rxe2 21. Qxe2 Nc7 22. Ng4 Bg7 23. Re1 h5 24. Qe7 Ne8 25. Nh2 b6 26. d6 Bf8 27. Qb7 Nxd6 28. Bxd6 Bxd6 29. Rd1 Bxh2+ 30. Kxh2 Qb8+ 31. Qxb8+ Rxb8 32. Rd7 b5 33. cxb5 Rxb5 34. b4 cxb4 35. axb4 Rxb4 36. Rxa7 h4 37. Rc7 Kg7 38. Ra7 f5 39. Rc7 Kf6 40. Ra7 Rb2 41. f3 Re2 42. Rb7 Rd2 43. Ra7 Ke6 44. Ra4 g5 45. Ra7 f4 46. Ra5 f6 47. Ra6+ Rd6 48. Ra5 Kd7 49. Rb5 Kc6 50. Rf5 Kb6 51. Kg1 Kc7 52. Kh2 Kd7 53. Rb5 Ke6 54. Ra5 Rd5 55. Ra6+ Ke5 56. Rb6 Rd6 57. Rb4 Rd2 58. Re4+ Kd5 59. Re8 Kc5 60. Rc8+ Kd4 61. Re8 Kc5 62. Rc8+ Kb6 63. Rb8+ Kc7 64. Rf8 Rd6 65. Ra8 Kc6 66. Ra5 Kd7 67. Rb5 1/2-1/2

[Event "POR-chT 1st League 2017"]
[Site "Leiria"]
[Date "2017.07.19"]
[Round "4"]
[White "Strikovic, Aleksa"]
[Black "Leao, Tiago Miguel Da Sil"]
[Result "1-0"]
[WhiteElo "2509"]
[BlackElo "2075"]
[Annotator "TA"]
[PlyCount "85"]
[EventDate "2017.??.??"]
[EventType "team-tourn"]
[EventCountry "POR"]
[SourceTitle "playchess.com"]
[Source "ChessBase"]
[SourceQuality "1"]

1. c4 {Program Activation Required} e5 2. Nc3 Nc6 3. Nf3 Bc5 4. e3 d6 5. a3 a5 (5... a6 6. d4 Ba7 7. dxe5 dxe5 8. Qxd8+ Kxd8 9. b4 f6 10. Bb2 Nge7 11. O-O-O+ Ke8 12. Be2 Kf7 {½-½ (42) Cheparinov,I (2677)-Fedorchuk,S (2624) Sibenik 2016}) 6. d4 {A27: English Opening: Three Knights Variation} exd4 7. exd4 Ba7 8. Nb5 Nf6 $146 ({NOTEXT:} 8... Bb6 9. Be3 d5 10. c5 Ba7 {1-0 (61) Cvetkovic,S (2301)-Zajic,M (2489) Paracin 2015}) 9. Be2 O-O 10. O-O h6 11. d5 Ne7 12. Nxa7 Rxa7 13. Bxh6 gxh6 14. Qd4 Nfxd5 15. cxd5 c5 16. dxc6 Nxc6 17. Qf4 Kg7 18. Rfd1 d5 19. Bb5 Ra8 20. Rac1 Ne7 21. h4 Be6 22. Rc7 Nf5 23. Bd3 Qd6 24. Nd4 Kh8 25. Qxd6 Nxd6 26. Nxe6 fxe6 27. Re1 Rf6 28. Rd7 Ne4 29. Bxe4 dxe4 30. Rxe4 Rc8 31. Re2 b5 32. g3 Rc5 33. Rd6 a4 34. Rexe6 Rxe6 35. Rxe6 Rc2 36. Rxh6+ Kg7 37. Rb6 Rxb2 38. Kg2 Rb3 39. g4 b4 40. axb4 a3 41. Ra6 Rxb4 42. Kg3 Rb3+ 43. f3 1-0